000 00751nam a2200241Ia 4500
005 20260430150401.0
008 008 250103s9999 xx 000 0 eng d
037 _aTheses
040 _aCRL
040 _beng
040 _ceng
041 _2eng
041 _aeng
084 _qCRL
100 _aSolanki Rahul Au.; Jha P.C. Gu.; Galar Diego Gu.; Kannan Devika Gu.
_91237329
245 0 _aMulti-Criteria Approach for Analysis and Modelling of Carbon Regulatory Policies Implementation in Manufacturing Supply Chains
260 _c2023
300 _a217p.
650 _aOperations Research
700 _aUniversity of Delhi. Faculty of Mathematical Sciences. Deptt. of Operational Research
942 _cTH
999 _c1849653
_d1849653